<?xml version="1.0" encoding="UTF-8"?>
<record
    xmlns:xsi="http://www.w3.org/2001/XMLSchema-instance"
    xsi:schemaLocation="http://www.loc.gov/MARC21/slim http://www.loc.gov/standards/marcxml/schema/MARC21slim.xsd"
    xmlns="http://www.loc.gov/MARC21/slim">

  <leader>03840nam a2200577Ia 4500</leader>
  <controlfield tag="001">1702</controlfield>
  <controlfield tag="008">241029s9999    xx            000 0 und d</controlfield>
  <datafield tag="010" ind1=" " ind2=" ">
    <subfield code="a">1591</subfield>
  </datafield>
  <datafield tag="041" ind1=" " ind2=" ">
    <subfield code="a">Espa&#xF1;ol</subfield>
  </datafield>
  <datafield tag="082" ind1=" " ind2=" ">
    <subfield code="a">ST MA-EBI 0002 GH 2001</subfield>
  </datafield>
  <datafield tag="245" ind1=" " ind2="0">
    <subfield code="a">Desarrollo de las habilidades y destrezas comunicativas de los ni&#xF1;os del Kindergaten en el programa Transicional de Educaci&#xF3;n Biling&#xFC;e de la Escuela Elemental 97 del Bronx, a partir de estrategias de ense&#xF1;anza de la lectura en voz alta sustentada en la t&#xE9;cnica de Whole Languague Approach.</subfield>
  </datafield>
  <datafield tag="260" ind1=" " ind2=" ">
    <subfield code="a">Santo Domingo</subfield>
  </datafield>
  <datafield tag="300" ind1=" " ind2=" ">
    <subfield code="a">127</subfield>
  </datafield>
  <datafield tag="520" ind1=" " ind2=" ">
    <subfield code="a">21</subfield>
  </datafield>
  <datafield tag="630" ind1=" " ind2=" ">
    <subfield code="a">Comunicaci&#xF3;n</subfield>
  </datafield>
  <datafield tag="630" ind1=" " ind2=" ">
    <subfield code="a">Derechos Humanos</subfield>
  </datafield>
  <datafield tag="630" ind1=" " ind2=" ">
    <subfield code="a">Ense&#xF1;anza-Aprendizaje</subfield>
  </datafield>
  <datafield tag="630" ind1=" " ind2=" ">
    <subfield code="a">Estrategia</subfield>
  </datafield>
  <datafield tag="650" ind1=" " ind2=" ">
    <subfield code="a">Calidad Educativa</subfield>
  </datafield>
  <datafield tag="690" ind1=" " ind2=" ">
    <subfield code="a">Elaborado</subfield>
  </datafield>
  <datafield tag="700" ind1=" " ind2=" ">
    <subfield code="e">asesor</subfield>
    <subfield code="a">Navarro, Luisa </subfield>
  </datafield>
  <datafield tag="700" ind1=" " ind2=" ">
    <subfield code="e">autor</subfield>
    <subfield code="a">Marte, Janina</subfield>
  </datafield>
  <datafield tag="700" ind1=" " ind2=" ">
    <subfield code="e">autor</subfield>
    <subfield code="a">Marte, Julio</subfield>
  </datafield>
  <datafield tag="700" ind1=" " ind2=" ">
    <subfield code="e">autor</subfield>
    <subfield code="a">Infante, Carmen </subfield>
  </datafield>
  <datafield tag="901" ind1=" " ind2=" ">
    <subfield code="a">{"1":"Marte","2":"Marte","3":"Infante"}</subfield>
    <subfield code="b">{"1":"Janina","2":"Julio","3":"Carmen "}</subfield>
  </datafield>
  <datafield tag="902" ind1=" " ind2=" ">
    <subfield code="a">1</subfield>
  </datafield>
  <datafield tag="903" ind1=" " ind2=" ">
    <subfield code="a">{"1":"Navarro"}</subfield>
    <subfield code="b">{"1":"Luisa "}</subfield>
  </datafield>
  <datafield tag="904" ind1=" " ind2=" ">
    <subfield code="a">Mag&#xED;ster en</subfield>
  </datafield>
  <datafield tag="905" ind1=" " ind2=" ">
    <subfield code="a">Educaci&#xF3;n Biling&#xFC;e</subfield>
  </datafield>
  <datafield tag="906" ind1=" " ind2=" ">
    <subfield code="a">2</subfield>
  </datafield>
  <datafield tag="907" ind1=" " ind2=" ">
    <subfield code="a">NO APLICA</subfield>
  </datafield>
  <datafield tag="908" ind1=" " ind2=" ">
    <subfield code="a">NO APLICA</subfield>
  </datafield>
  <datafield tag="909" ind1=" " ind2=" ">
    <subfield code="a">Universidad Aut&#xF3;noma de Santo Domingo (UASD)</subfield>
  </datafield>
  <datafield tag="910" ind1=" " ind2=" ">
    <subfield code="a">NULL</subfield>
    <subfield code="b">NULL</subfield>
  </datafield>
  <datafield tag="911" ind1=" " ind2=" ">
    <subfield code="a">["1"]</subfield>
  </datafield>
  <datafield tag="912" ind1=" " ind2=" ">
    <subfield code="a">NO APLICA</subfield>
  </datafield>
  <datafield tag="913" ind1=" " ind2=" ">
    <subfield code="a">NULL</subfield>
  </datafield>
  <datafield tag="914" ind1=" " ind2=" ">
    <subfield code="a">02 de Julio de 2001</subfield>
  </datafield>
  <datafield tag="915" ind1=" " ind2=" ">
    <subfield code="a">28/11/19 11:11</subfield>
  </datafield>
  <datafield tag="916" ind1=" " ind2=" ">
    <subfield code="a">NULL</subfield>
  </datafield>
  <datafield tag="917" ind1=" " ind2=" ">
    <subfield code="a">NULL</subfield>
  </datafield>
  <datafield tag="918" ind1=" " ind2=" ">
    <subfield code="a">NO APLICA</subfield>
  </datafield>
  <datafield tag="919" ind1=" " ind2=" ">
    <subfield code="a">["230","56","89","92"]</subfield>
  </datafield>
  <datafield tag="520" ind1=" " ind2=" ">
    <subfield code="a">La t&#xE9;cnica de ense&#xF1;anza conocida como Whole Language Approach o Lenguaje Total sigue siendo usada ampliamente en los cursos primarios en las escuelas de los Estados Unidos luego de varias d&#xE9;cadas de haber sido experimentada. A&#xFA;n cuando los resultados presentados por diferentes investigadores y evaluaciones, muestran opiniones contradictorias sobre su utilidad para desarrollar los aprendizajes de los ni&#xF1;os. De manera que, este estudio se plante&#xF3; como prop&#xF3;sito principal, determinar el efecto que tiene la lectura en voz alta, en ingl&#xE9;s y espa&#xF1;ol, en la formaci&#xF3;n ling&#xFC;&#xED;stica de los estudiantes de Kindergarten en la Escuela Elemental 79 del Bronx. Adem&#xE1;s, se plante&#xF3; describir las habilidades y destrezas de la lectura en voz alta por parte de los ni&#xF1;os del Kindergarten en el Programa Educativo Biling&#xFC;e de la Escuela Elemental 79 del Bronx, a partir del uso de las herramientas que provee el Whole Language Approach.Para la realizaci&#xF3;n de esta tesis se utiliz&#xF3; un tipo de investigaci&#xF3;n exploratoria. M&#xE1;s que probar algunos elementos, con esta investigaci&#xF3;n se pretendi&#xF3; proponer un conjunto de estrategias que la maestra ensayar&#xE1; en el sal&#xF3;n de clases y los sustentantes observar&#xE1;n en una ficha de observaci&#xF3;n para establecer dos criterios: c&#xF3;mo llevar a cabo la estrategia de la lectura en voz alta y cu&#xE1;les destrezas comunicativas logran los ni&#xF1;os con esas estrategias.La evaluaci&#xF3;n de los alumnos de todos los niveles del Sistema de Educaci&#xF3;n P&#xFA;blica de los Estados Unidos evidencia que uno de sus principales problemas radica justamente en el pobre nivel de lectura alcanzado por los alumnos, sobre todo de los Programas de Educaci&#xF3;n Biling&#xFC;e. Al observar el trabajo de lectura en voz alta que realiza la profesora de Kindergarten de la Escuela 79 del Bronx, mediante la t&#xE9;cnica del Whole Language Approach, se tom&#xF3; en cuenta el nivel de planificaci&#xF3;n propuesto y se evalu&#xF3; la lectura en voz alta mediante dos instrumentos de observaci&#xF3;n, uno de la maestra y otro de los ni&#xF1;os. Seg&#xFA;n los resultados, se pudo observar que los ni&#xF1;os tienen mayor dominio del idioma Ingles que del Espa&#xF1;ol.</subfield>
  </datafield>
  <datafield tag="921" ind1=" " ind2=" ">
    <subfield code="a">16</subfield>
  </datafield>
  <datafield tag="922" ind1=" " ind2=" ">
    <subfield code="a">16</subfield>
  </datafield>
  <datafield tag="923" ind1=" " ind2=" ">
    <subfield code="a">0</subfield>
  </datafield>
  <datafield tag="924" ind1=" " ind2=" ">
    <subfield code="a">NO APLICA</subfield>
  </datafield>
  <datafield tag="942" ind1=" " ind2=" ">
    <subfield code="c">Tesis</subfield>
  </datafield>
  <datafield tag="999" ind1=" " ind2=" ">
    <subfield code="c">1591</subfield>
    <subfield code="d">1591</subfield>
  </datafield>
</record>
